000 00226nam a2200097Ia 4500
001 933401
005 20250826214945.0
008 250824s9999 xx 000 0 und d
245 0 _aKURTLAR
_cLAURA MARSH
260 _bBETA YAYINLARI
999 _c933401
_d933401